000 00346nam a2200109Ia 4500
008 171211s9999 xx 000 0 und d
245 4 _aThe Way of the Warrior: Martial Arts and Fighting Styles from Around the World
245 _cChris Crudelli
260 _c2008
650 _xMartial Arts
856 _uhttp://down.ebook777.com/055/0756639751.pdf
999 _c348228
_d348228